书目信息 |
| 题名: |
教育论
|
|
| 作者: | 斯宾塞 著 ;胡毅 译 | |
| 分册: | ||
| 出版信息: | 北京 人民教育出版社 1962.8 |
|
| 页数: | 152页 | |
| 开本: | 19cm | |
| 丛书名: | ||
| 单 册: | ||
| 中图分类: | G751.6 | |
| 科图分类: | ||
| 主题词: | 教育--类型 | |
| 电子资源: | ||
| ISBN: | ||
| 000 | 00644nam0 2200217 45 | |
| 001 | 0306101020 | |
| 005 | 20051205151555.64 | |
| 010 | @dCNY0.64 | |
| 091 | @a7012.041 | |
| 100 | @a20030610d1962 km y0chiy0120 ea | |
| 101 | 0 | @achi |
| 200 | 1 | @a教育论@AJiao Yu Lun@e智育、德育和体育@EZhi Yu、De Yu He Ti Yu@f(英)赫·斯宾塞著@F(Ying)He·Si Bin Sai Zhu@g胡毅译 |
| 210 | @a北京@c人民教育出版社@d1962.8 | |
| 215 | @a152页@d19cm | |
| 517 | @a智育、德育和体育@AZhi Yu、De Yu He Ti Yu | |
| 606 | 0 | @a教育@x类型 |
| 690 | @aG751.6@v3 | |
| 701 | 0 | @a斯宾塞@4著 |
| 702 | 0 | @a胡毅@AHu Yi@4译 |
| 801 | @aCN@bTSTC@c20051205 | |
| 905 | @dG751.6@e2@f1@b14895 | |
| 教育论:智育、德育和体育/(英)赫·斯宾塞著/胡毅译.-北京:人民教育出版社,1962.8 |
| 152页;19cm |
| ISBN :CNY0.64 |
| ● |
| 相关链接 |
|
|
|
|
正题名:教育论
索取号:G751.6/2
 
预约/预借
| 序号 | 登录号 | 条形码 | 馆藏地/架位号 | 状态 | 备注 |
| 1 | 0014763 | 001924369 | 密集书库/ [索取号:G751.6/2] | 在馆 | |
| 2 | 0014765 | 202158501 | 密集书库/ [索取号:G751.6/2] | 在馆 | |
| 3 | 0014894 | 001781753 | 密集书库/ [索取号:G751.6/2] | 在馆 | |
| 4 | 0014895 | 001927455 | 密集书库/ [索取号:G751.6/2] | 在馆 | |
| 5 | 0014896 | 202158832 | 密集书库/ [索取号:G751.6/2] | 在馆 | |
| 6 | 0014897 | 202444382 | 第一样本阅览室/ [索取号:G751.6/2] | 在馆 | |
| 7 | 0014899 | 202158645 | 密集书库/ [索取号:G751.6/2] | 在馆 | |
| 8 | 0014900 | 202158413 | 密集书库/ [索取号:G751.6/2] | 在馆 | |
| 9 | 0014901 | 202158798 | 密集书库/ [索取号:G751.6/2] | 在馆 | |
| 10 | 0014902 | 202158422 | 密集书库/ [索取号:G751.6/2] | 在馆 |